| 000 | 00523cam a2200157 4500500 | ||
|---|---|---|---|
| 005 | 20260322013704.0 | ||
| 041 | _afre | ||
| 042 | _adc | ||
| 100 | 1 | 0 |
_aDraye, Micheline _eauthor |
| 700 | 1 | 0 |
_aDuwald, Romain _eauthor |
| 245 | 0 | 0 | _aRecycling of Waste Electrical and Electronic Equipment (WEEE) |
| 260 | _c2026. | ||
| 500 | _a49 | ||
| 786 | 0 | _nEnvironment | - | 2026-03-05 | p. 5-5 | |
| 856 | 4 | 1 | _uhttps://stm.cairn.info/waste-management-and-resource-recovery--bdti42437210-m7070-page-5?lang=en&redirect-ssocas=7080 |
| 999 |
_c1782771 _d1782771 |
||